000
00286nam a22001337a 4500
008
221003b ||||| |||| 00| 0 eng d
041
_a
eng
080
_a
610.73
082
_a
610.73
100
_a
6
101
_a
INF
245
_a
Fundamentals of nursing
_c
Potter,P
942
_2
udc
_c
BK
999
_c
58321
_d
58321